000 00387nam a2200157Ia 4500
008 210210b1933 xxu||||| |||| 00| 0 eng d
041 _aeng
082 _a829/1175
100 _aUNDSET (Sigrid)
245 _aKristin Lavransdatter
260 _aLondon
_bCassell and Company Ltd
_c1933
650 _aLavransdatter
650 _aKristin
690 _aEnglish Fiction
906 _a017786
999 _c137770
_d137770